000 01085nam a2200337 a 4500
003 BLK
005 20250728134307.0
008 180409b bul|||||r ||||||| ||bul||
010 _aKNG00118521000
020 _a954-527-293-7
040 _aBLK
041 _aBUL
_cBUL
080 _aБългарска литература
_b821.163.2
_x-1
_z821.163.2-1
100 1 _aЧинтулов, Добри Петров
_d1822-1886
_9398576
139 _aЧинтулов, Добри Петров
_bЧ 83
245 1 0 _aСтихотворения
_cДобри Петров Чинтулов.
257 _aBGR
260 _bДамян Яков
_c2005
_fСофия : Симолини 94
_aСофия
300 _a64 с.
_c20 см
380 _aX
490 _aУчилищна библиотека
500 _aОфс. изд.
653 _aстихотворения
852 _aЦб 236025
_bЦб
856 4 _qpdf
856 4 _qpdf
942 _cKNG
_n0
_096
944 _aCR
_c05.10.2007
_k30543
_lИва Цветкова
944 _aED
_c11.01.2008
999 _c113134
_d113134
999 _d113134